QUEST Central Library Banner

2011 encyclopaedia britannica world atlas / (Record no. 5135)

MARC details
000 -LEADER
fixed length control field 00505nam a2200157 a 4500
020 ## - INTERNATIONAL STANDARD BOOK NUMBER
ISBN 1615353593 (hardcover)
020 ## - INTERNATIONAL STANDARD BOOK NUMBER
ISBN 9781615353590 (hardcover)
100 1# - MAIN ENTRY--AUTHOR NAME
Personal name Encyclopaedia, Britannica.
245 10 - TITLE STATEMENT
Title 2011 encyclopaedia britannica world atlas /
250 ## - EDITION STATEMENT
Edition statement Revised edition.
260 ## - PUBLICATION, DISTRIBUTION, ETC. (IMPRINT)
Place of publication [S.l.] :
Name of publisher Encyclopaedia Britannica,
Year of publication 2011.
300 ## - PHYSICAL DESCRIPTION
Number of Pages 392 p. ;
650 ## - SUBJECT ADDED ENTRY--TOPICAL TERM
Topical Term Atlases
-- Physical Geography--Maps
856 40 - ELECTRONIC LOCATION AND ACCESS
Uniform Resource Identifier http://www.amazon.com/exec/obidos/ASIN/1615353593/chopaconline-20
942 ## - ADDED ENTRY ELEMENTS (KOHA)
Koha item type Books
Holdings
Withdrawn status Lost status Home library Current library Date acquired Cost, normal purchase price Full call number Accession Number Koha item type
    Central Library, QUEST, Nawabshah Central Library, QUEST, Nawabshah 04/06/2014 10124.00 503.21BRI 48493 Books

Copyright © 2018,The QUEST, Nawabshah, Shaheed Benazirabad. All rights reserved
Mr. G. Farooq Channar (Librarian) QUEST, Nawabshah, Sindh, Pakistan 67480.
 Ph#: |   0244-9370381-4 Ext. 2308   Email| lib@quest.edu.pk   Web|  http://www.quest.edu.pk